000 00293nam a22001337a 4500
008 170201b xxu||||| |||| 00| 0 eng d
020 _a9780323008129
041 _aeng
080 _a61
100 _a3
101 _aSHM
245 _aTHE HARRIET LANE HANDBOOK
_cSIBERRY, G.K
942 _2udc
_cBK
999 _c4235
_d4235